<?xml version="1.0" encoding="UTF-8"?>
<record
    xmlns:xsi="http://www.w3.org/2001/XMLSchema-instance"
    xsi:schemaLocation="http://www.loc.gov/MARC21/slim http://www.loc.gov/standards/marcxml/schema/MARC21slim.xsd"
    xmlns="http://www.loc.gov/MARC21/slim">

  <leader>00629nam a22001577a 4500</leader>
  <controlfield tag="008">230602b        |||||||| |||| 00| 0 eng d</controlfield>
  <datafield tag="040" ind1=" " ind2=" ">
    <subfield code="a">National Science Library</subfield>
    <subfield code="c">National Science Library</subfield>
  </datafield>
  <datafield tag="080" ind1=" " ind2=" ">
    <subfield code="a">R 31:338(73) </subfield>
    <subfield code="b">J4</subfield>
  </datafield>
  <datafield tag="100" ind1=" " ind2=" ">
    <subfield code="a">Conklin, Maxwell R</subfield>
    <subfield code="9">10773</subfield>
  </datafield>
  <datafield tag="245" ind1=" " ind2=" ">
    <subfield code="a">United States census of manufactures 1954 </subfield>
  </datafield>
  <datafield tag="260" ind1=" " ind2=" ">
    <subfield code="a">Washington, D.C.: </subfield>
    <subfield code="b">U.S. Government Printing Office, </subfield>
    <subfield code="c">1954</subfield>
  </datafield>
  <datafield tag="500" ind1=" " ind2=" ">
    <subfield code="a">Vol. 1 (Summary statistics)
Vol. 2 (Industry statistics) Part 1 (Major groups 20 to 28)
Vol. 2 (Industry statistics) Part 2 (Major groups 29 to 39)</subfield>
  </datafield>
  <datafield tag="650" ind1=" " ind2=" ">
    <subfield code="a">Statistics </subfield>
  </datafield>
  <datafield tag="653" ind1=" " ind2=" ">
    <subfield code="a">Census </subfield>
  </datafield>
  <datafield tag="942" ind1=" " ind2=" ">
    <subfield code="2">udc</subfield>
    <subfield code="c">REF</subfield>
  </datafield>
  <datafield tag="999" ind1=" " ind2=" ">
    <subfield code="c">38680</subfield>
    <subfield code="d">38680</subfield>
  </datafield>
  <datafield tag="952" ind1=" " ind2=" ">
    <subfield code="0">0</subfield>
    <subfield code="1">0</subfield>
    <subfield code="2">udc</subfield>
    <subfield code="4">0</subfield>
    <subfield code="6">R_3133873_J421</subfield>
    <subfield code="7">0</subfield>
    <subfield code="8">REF</subfield>
    <subfield code="9">58223</subfield>
    <subfield code="a">NSL</subfield>
    <subfield code="b">NSL</subfield>
    <subfield code="c">GF/Rk-25/C-7/R-6</subfield>
    <subfield code="d">1966-03-26</subfield>
    <subfield code="h">Vol. 2 (Industry statistics) Part 1 (Major groups 20 to 28)</subfield>
    <subfield code="l">0</subfield>
    <subfield code="o">R 31:338(73) J4.2.1</subfield>
    <subfield code="p">14496</subfield>
    <subfield code="r">2023-06-02 00:00:00</subfield>
    <subfield code="w">1966-03-26</subfield>
    <subfield code="y">REF</subfield>
  </datafield>
  <datafield tag="952" ind1=" " ind2=" ">
    <subfield code="0">0</subfield>
    <subfield code="1">0</subfield>
    <subfield code="2">udc</subfield>
    <subfield code="4">0</subfield>
    <subfield code="6">R_3133873_J422</subfield>
    <subfield code="7">0</subfield>
    <subfield code="8">REF</subfield>
    <subfield code="9">58225</subfield>
    <subfield code="a">NSL</subfield>
    <subfield code="b">NSL</subfield>
    <subfield code="c">GF/Rk-25/C-7/R-6</subfield>
    <subfield code="d">1966-03-26</subfield>
    <subfield code="h">Vol. 2 (Industry statistics) Part 2 (Major groups 29 to 39)</subfield>
    <subfield code="l">0</subfield>
    <subfield code="o">R 31:338(73) J4.2.2</subfield>
    <subfield code="p">14497</subfield>
    <subfield code="r">2023-06-02 00:00:00</subfield>
    <subfield code="w">1966-03-26</subfield>
    <subfield code="y">REF</subfield>
  </datafield>
  <datafield tag="952" ind1=" " ind2=" ">
    <subfield code="0">0</subfield>
    <subfield code="1">0</subfield>
    <subfield code="2">udc</subfield>
    <subfield code="4">0</subfield>
    <subfield code="6">R_3133873_J41</subfield>
    <subfield code="7">0</subfield>
    <subfield code="8">REF</subfield>
    <subfield code="9">58228</subfield>
    <subfield code="a">NSL</subfield>
    <subfield code="b">NSL</subfield>
    <subfield code="c">GF/Rk-25/C-7/R-6</subfield>
    <subfield code="d">1966-03-26</subfield>
    <subfield code="h">Vol. 1 (Summary statistics)</subfield>
    <subfield code="l">0</subfield>
    <subfield code="o">R 31:338(73) J4.1</subfield>
    <subfield code="p">14495</subfield>
    <subfield code="r">2023-06-02 00:00:00</subfield>
    <subfield code="w">1966-03-26</subfield>
    <subfield code="y">REF</subfield>
  </datafield>
</record>
